| 000 | 00397nam a22001577a 4500 | ||
|---|---|---|---|
| 020 | _a0-06-444049-4 | ||
| 082 |
_a823 _bHOB/A |
||
| 100 | _aHOBAN, LILLIAN | ||
| 245 |
_aARTHUR'S PRIZE READER _bHOBAN, LILLIAN |
||
| 246 |
_aARTHUR'S PRIZE READER _bHOBAN, LILLIAN |
||
| 260 |
_aNEW YORK _bARTHUR;S PRIZE READER _c1978 |
||
| 300 | _a63 | ||
| 520 | _aSHORT STORY | ||
| 650 | _aSHORT STORY | ||
| 942 | _cBK | ||
| 999 |
_c2786 _d2786 |
||